| 000 | 00928cam a2200133 4500500 | ||
|---|---|---|---|
| 005 | 20260405052325.0 | ||
| 041 | _afre | ||
| 042 | _adc | ||
| 100 | 1 | 0 |
_aGroulez, Marianne _eauthor |
| 245 | 0 | 0 | _aLe scepticisme de Hume : Les dialogues sur la religion naturelle |
| 260 |
_bPresses Universitaires de France,
_c2005. |
||
| 520 | _aLa question du scepticisme et de son sens fournit une vois d’accès privilégiée au texte des Dialogues. D’où l’intérêt de les lire du point de vue de leur rapport à ce que Hume définit comme un scepticisme mitigé. Il constitue la version humienne d’une conception ancienne du scepticisme authentique dont le sens est ainsi mis en jeu ainsi que la nature de la croyance en général et de la foi religieuse en particulier. | ||
| 856 | 4 | 1 | _uhttps://shs.cairn.info/le-scepticisme-de-hume-les-dialogues-sur-la-religion-naturelle--9782130535799?lang=fr&redirect-ssocas=7080 |
| 999 |
_c2184424 _d2184424 |
||